Asiatic Researches, Vol.-21 : (Record no. 24492)

MARC details
000 -LEADER
fixed length control field 01040cam a2200325 i 4500
001 - CONTROL NUMBER
control field 2769943
003 - CONTROL NUMBER IDENTIFIER
control field BDDh-ASL
005 - DATE AND TIME OF LATEST TRANSACTION
control field 20231015030356.0
008 - FIXED-LENGTH DATA ELEMENTS--GENERAL INFORMATION
fixed length control field 800102r19801839ii abd b 000 0 eng
010 ## - LIBRARY OF CONGRESS CONTROL NUMBER
LC control number 79912757
020 ## - INTERNATIONAL STANDARD BOOK NUMBER
Terms of availability Rs140.00 (v. 1)
040 ## - CATALOGING SOURCE
Original cataloging agency DLC
Transcribing agency DLC
Modifying agency DLC
-- BDDh-ASL
043 ## - GEOGRAPHIC AREA CODE
Geographic area code a------
050 00 - LIBRARY OF CONGRESS CALL NUMBER
Classification number DS3
Item number .A85 1979
082 00 - DEWEY DECIMAL CLASSIFICATION NUMBER
Classification number 950
Item number ASI
110 2# - MAIN ENTRY--CORPORATE NAME
Corporate name or jurisdiction name as entry element Asiatic Society (Kolkata, India)
245 10 - TITLE STATEMENT
Title Asiatic Researches, Vol.-21 :
Remainder of title comprising history and antiquities, the arts, sciences, and literature of Asia/
260 ## - PUBLICATION, DISTRIBUTION, ETC.
Place of publication, distribution, etc. New Delhi :
Name of publisher, distributor, etc. Cosmo Publications,
Date of publication, distribution, etc. 1980.
300 ## - PHYSICAL DESCRIPTION
Extent 214-471 p. :
Other physical details ill. ;
Dimensions 23 cm.
500 ## - GENERAL NOTE
General note Reprint of the 1788-1839 ed. published by the Asiatic Society, Calcutta.
504 ## - BIBLIOGRAPHY, ETC. NOTE
Bibliography, etc. note Includes bibliographical references.
650 #0 - SUBJECT ADDED ENTRY--TOPICAL TERM
9 (RLIN) 1349
Topical term or geographic name entry element History
650 #0 - SUBJECT ADDED ENTRY--TOPICAL TERM
9 (RLIN) 3556
Topical term or geographic name entry element Antiquities
650 #0 - SUBJECT ADDED ENTRY--TOPICAL TERM
9 (RLIN) 2881
Topical term or geographic name entry element Arts
650 #0 - SUBJECT ADDED ENTRY--TOPICAL TERM
9 (RLIN) 3359
Topical term or geographic name entry element Science
650 #0 - SUBJECT ADDED ENTRY--TOPICAL TERM
9 (RLIN) 1335
Topical term or geographic name entry element Literature
651 #0 - SUBJECT ADDED ENTRY--GEOGRAPHIC NAME
Geographic name Asia.
906 ## - LOCAL DATA ELEMENT F, LDF (RLIN)
a 7
b cbc
c orignew
d 4
e ncip
f 19
g y-gencatlg
942 ## - ADDED ENTRY ELEMENTS (KOHA)
Source of classification or shelving scheme Dewey Decimal Classification
Koha item type Books
Holdings
Withdrawn status Lost status Source of classification or shelving scheme Damaged status Not for loan Collection code Home library Current library Shelving location Date acquired Source of acquisition Serial Enumeration / chronology Total Checkouts Full call number Barcode Date last seen Copy number Price effective from Koha item type Public note
    Dewey Decimal Classification   Not For Loan Non-fiction Asiatic Society Library Asiatic Society Library General Stacks 04/24/2021 ASB Library Collections V-21   950 ASI 109117 04/24/2021 C-1 04/24/2021 Books Rare

Powered by Koha